| 000 | 00000nam 2200000zi 4500 |
| 001 | 9.924790 |
| 003 | CaOODSP |
| 005 | 20240124114121 |
| 006 | m o d f |
| 007 | cr mn||||||||| |
| 008 | 230705t20242024onc ob f000 0 eng d |
| 020 | |a9780660493732 |
| 040 | |aCaOODSP|beng|erda|cCaOODSP |
| 043 | |an-cn--- |
| 045 | |ay2y2 |
| 086 | 1 |aA118-10/18-2022E-PDF |
| 245 | 10|aCrop profile for raspberry in Canada, 2022 / |cprepared by Pesticide Risk Reduction Program, Pest Management Centre, Agriculture and Agri-Food Canada. |
| 250 | |aFifth edition - 2024. |
| 264 | 1|a[Ottawa] : |bAgriculture and Agri-Food Canada = Agriculture et agroalimentaire Canada, |c2024. |
| 264 | 4|c©2024 |
| 300 | |a1 online resource (65 pages) |
| 336 | |atext|btxt|2rdacontent |
| 337 | |acomputer|bc|2rdamedia |
| 338 | |aonline resource|bcr|2rdacarrier |
| 500 | |aIssued also in French under title: Profil de la culture de la framboise au Canada, 2022. |
| 500 | |a"AAFC No.: 13172E"--Verso of cover. |
| 500 | |a"Unclassified - Non classifié." |
| 504 | |aIncludes bibliographical references. |
| 650 | 0|aRaspberries|xDiseases and pests|xControl|zCanada. |
| 650 | 0|aRaspberries|xDiseases and pests|zCanada. |
| 650 | 0|aRaspberry industry|zCanada. |
| 710 | 1 |aCanada. |bAgriculture and Agri-Food Canada, |eissuing body. |
| 710 | 2 |aPesticide Risk Reduction Program (Canada), |eissuing body. |
| 775 | 08|tProfil de la culture de la framboise au Canada, 2022 / |w(CaOODSP)9.924793 |
| 795 | |tCrop profile for raspberry in Canada, 2019 / |b(Fourth edition - 2021)|w(CaOODSP)9.888343 |
| 856 | 40|qPDF|s798 KB|uhttps://publications.gc.ca/collections/collection_2024/aac-aafc/A118-10-18-2022-eng.pdf |
| 986 | |a13172E |